Características y alternativas de aprovechamiento de los desechos solidos depositados en el Relleno Sanitario de Río Azul

Salvato in:
Dettagli Bibliografici
Autore principale: Jiménez Quirós, María Elena
Altri autori: Zúñiga Morales, Allan
Natura: Libro
Pubblicazione: [San José , Costa Rica] 1984
Soggetti:
Tags: Aggiungi Tag
Nessun Tag, puoi essere il primo ad aggiungerne!!

MARC

LEADER 00000nam a2200000Ia 4500
003 002517
005 20221231144408.0
008 140114s1984 cr a m 000 ||s d
040 |c cru CEDI 
090 |a TFG 1552 
100 |a Jiménez Quirós, María Elena  |9 14819 
245 |a Características y alternativas de aprovechamiento de los desechos solidos depositados en el Relleno Sanitario de Río Azul 
260 |c 1984  |a [San José , Costa Rica] 
300 |a  145, [60] hojas : ilustraciones ; 27 cm  
500 |a  Tesis (Licenciatura en ingeniería química)--Universidad de Costa Rica. Facultad de Ingeniería. Escuela de Ingenieria Qímica 
650 |x RESIDUOS SOLIDOS   |x APROVECHAMIENTO DE RESIDUOS   |x RELLENO SANITARIO RIO AZUL (LA UNION, CARTAGO, COSTA RICA)  |9 14821 
700 |9 14820  |a Zúñiga Morales, Allan 
942 |c TFG  |2 ddc 
999 |c 21255  |d 21255